000 00369cam a22001217a 4500
008 180718b1976 xxu||||| |||| 00| 0 eng d
082 _aT6103x54 D541
100 _aDial, Rameshwar
245 _aCommentary on Urban land and act,1976
_cby Rameshwar Dial
260 _aDelhi
_bAnand Law
_c1976
300 _axxxii,103p
650 _aLand tenure --Law and legislation --India.
999 _c411861
_d411861